The production and distribution of knowledge in the United States

The Production and Distribution of Knowledge in the United States marked the beginning of the study of our postindustrial information society. Austrian-born economist Fritz Machlup had focused his research on the patent system, but he came to realize that patents were simply one part of a much bigge...

Description complète

Enregistré dans:
Détails bibliographiques
Auteur principal: Machlup, Fritz
Format: Livre
Langue:Undetermined
Publié: Princeton, N.J. Princeton University press 1962
Sujets:
Tags: Ajouter un tag
Pas de tags, Soyez le premier à ajouter un tag!
Thư viện lưu trữ: Trung tâm Học liệu Trường Đại học Cần Thơ
LEADER 01252nam a2200205Ia 4500
001 CTU_86288
008 210402s9999 xx 000 0 und d
082 |a 001 
082 |b M146 
100 |a Machlup, Fritz 
245 4 |a The production and distribution of knowledge in the United States 
245 0 |c Fritz Machlup 
260 |a Princeton, N.J. 
260 |b Princeton University press 
260 |c 1962 
520 |a The Production and Distribution of Knowledge in the United States marked the beginning of the study of our postindustrial information society. Austrian-born economist Fritz Machlup had focused his research on the patent system, but he came to realize that patents were simply one part of a much bigger "knowledge economy." He then expanded the scope of his work to evaluate everything from stationery and typewriters to advertising to presidential addresses--anything that involved the activity of telling anyone anything. The Production and Distribution of Knowledge in the United States then revealed the new and startling shape of the U.S. economy. 
650 |a Thông tin khoa học,Information science 
650 |z Hoa Kỳ,United States 
904 |i Năm 
980 |a Trung tâm Học liệu Trường Đại học Cần Thơ